| 000 | 00781nam a22001937a 4500 | ||
|---|---|---|---|
| 008 | 230313b |||||||| |||| 00| 0 eng d | ||
| 040 |
_aNational Science Library _cNational Science Library |
||
| 080 |
_aD 026+002.6(71+72) _bK3 |
||
| 245 | _aDirectory of special libraries and information centres | ||
| 250 | _a8th ed. | ||
| 260 |
_aDetroit: _bGale Research Company, _c1963 |
||
| 300 | _aix, 836p. | ||
| 500 | _aVol.1 (Descriptive listings A-N); ISBN: 0-8103-0357-4 ; xv, 846p. Vol.1 (Descriptive listings O-Z) ; ISBN: 0-8103-0357-4 ; xiii, 1640p. Vol.2 (Geographic and personnel indexes); ISBN: 0-8103-0358-2 ; ix, 836p. | ||
| 650 | _aLibrary science | ||
| 653 | _aSpecial libraries | ||
| 653 | _aInformation | ||
| 700 | 1 | 0 | _aDarnay, Brigitte T (Ed.) |
| 942 |
_2udc _cDIR |
||
| 999 |
_c8057 _d8057 |
||